000 02614nam0a2200445 4500
001 RU\NLR\bibl\1063123
005 20260406122217.0
010 _a5-7692-0868-6
_bвып. 8
010 _a5-7692-0669-1
_9500
021 _aRU
_b2007-7473
_9396
035 _a(NLR Aleph) 001050388
090 _a874827
_c874827
100 _a20070322d2006 |||y0rusy50 ca
101 0 _arus
102 _aRU
105 _aa |||||||||
200 1 _aПоверхностные слои и внутренние границы раздела в гетерогенных материалах
_dSurface layers and interfaces in heterogeneous materials
_f[Балахонов Р.Р., Болеста А.В., Бондарь М.П. и др.]
_gотв. ред. акад. В.Е. Панин
_gРос. акад. наук, Сиб. отд-ние, Ин-т физики прочности и материаловедения, Ин-т теорет. и прикл. механики [и др.]
_zeng
210 _aНовосибирск
_cИзд-во Сибирского отделения Российской академии наук
_d2006
215 _aa519 с.
_cил.
_dd25
225 1 _aИнтеграционные проекты СО РАН
_dSB RAS Integrate projects
_fредкол.: акад. В.М. Титов (гл. ред.) [и др.]
_vВып. 8
_zeng
300 _aНа обл. загл. сер.: Интегральные проекты
313 _aМеханика деформируемого тела и пластическая деформация материалов
320 _aБиблиогр.: с. 479-513
510 0 _aSurface layers and interfaces in heterogeneous materials
_zeng
606 1 _aМеханика твердых тел деформируемых
_92089266
_3RU\NLR\auth\661264724
606 1 _aМатериалы
_xПластическая деформация
_92228138
_3RU\NLR\auth\661337494
686 _aВ251
686 _aЖ306.22
701 1 _aБалахонов
_bР. Р.
_4070
701 1 _aБолеста
_bА. В.
_gАлексей Владимирович
_4070
701 1 _aБондарь
_bМ. П.
_4070
702 1 _4280
_8rus
_7ca
_aПанин
_bВ. Е.
_cд-р физ.-мат. наук
_f1930-2020
_gВиктор Евгеньевич
_3RU\NLR\AUTH\77106571
_989496
712 0 2 _4570
_aИнститут физики прочности и материаловедения
_cТомск
_3RU\NLR\AUTH\8814853
_9302997
801 0 _aRU
_bNLR
_c20070322
_gRCR
801 1 _aRU
_bNLR
_c20070322
830 _aавт. по базе
942 _cBOOK
980 _aNB